| 000 | 00498nam a2200181Ia 4500 | ||
|---|---|---|---|
| 008 | 151018s9999 xx 000 0 und d | ||
| 082 |
_bRBASDV48834 _a891.461 |
||
| 100 | _aरंजन कंधारकर | ||
| 245 | _aस्वधा | ||
| 250 | _b1 | ||
| 260 |
_bगणपती _c2006 |
||
| 300 | _a144 | ||
| 600 | _aरंजन कंधारकर | ||
| 630 | _aस्वधा | ||
| 700 | _aरंजन कंधारकर | ||
| 730 | _aस्वधा | ||
| 942 | _cBOOK | ||
| 999 |
_c1047958 _d1047955 |
||